[Event "20. Obert Int. Sant Marti 2018 - B"]
[Site "Barcelona ESP"]
[Date "2018.07.16"]
[Round "4.42"]
[White "Carrey Abellan, Enric"]
[Black "Ferre Navarro, Joan"]
[Result "1-0"]
[WhiteElo "1855"]
[BlackElo "1629"]
[PlyCount "79"]
[EventDate "2018.07.13"]
[EventType "swiss"]
[EventRounds "9"]
[EventCountry "ESP"]
[SourceTitle "Ajedrez en Madrid"]
[Source "lmi"]
[SourceDate "2018.07.13"]
[SourceVersion "1"]
[SourceVersionDate "2019.06.21"]
[SourceQuality "1"]

1. d4 d5 2. c4 e6 3. Nc3 Nf6 4. cxd5 exd5 5. Bg5 Nbd7 6. e3 c6 7. Qc2 Be7 8.
Bd3 O-O 9. Nf3 h6 10. Bh4 Ne8 11. Bxe7 Qxe7 12. O-O Nd6 13. b4 Nf6 14. b5 Bd7
15. bxc6 Bxc6 16. Ne5 Rac8 17. Qb3 Nde4 18. Bxe4 Nxe4 19. Nxc6 bxc6 20. Nxe4
Qxe4 21. Qb7 c5 22. dxc5 Rxc5 23. Qxa7 Rfc8 24. a4 d4 25. exd4 Qxd4 26. h3 Qf6
27. a5 R8c7 28. Qb6 R5c6 29. Qb1 g6 30. a6 Qd8 31. a7 Qa8 32. Qb8+ Rc8 33. Qxa8
Rxa8 34. Rfb1 Rcc8 35. Rb7 Kg7 36. Kf1 Re8 37. Ra3 h5 38. Rab3 Re6 39. Rf3 Rf6
40. Ra3 1-0

[Event "20. Obert Int. Sant Marti 2018 - B"]
[Site "Barcelona ESP"]
[Date "2018.07.16"]
[Round "4.43"]
[White "Siso Ribes, Genis Alfred"]
[Black "Garcia Clemente, Julian Fco."]
[Result "0-1"]
[WhiteElo "1626"]
[BlackElo "1828"]
[PlyCount "118"]
[EventDate "2018.07.13"]
[EventType "swiss"]
[EventRounds "9"]
[EventCountry "ESP"]
[SourceTitle "Ajedrez en Madrid"]
[Source "lmi"]
[SourceDate "2018.07.13"]
[SourceVersion "1"]
[SourceVersionDate "2019.06.21"]
[SourceQuality "1"]

1. d4 Nf6 2. c4 e6 3. Nc3 Bb4 4. Qc2 c5 5. dxc5 Nc6 6. Nf3 Bxc5 7. Bg5 h6 8.
Bh4 Be7 9. e3 a6 10. a3 b6 11. Be2 Bb7 12. O-O Rc8 13. Rfd1 Qc7 14. Bg3 d6 15.
b4 Nh5 16. Bh4 g5 17. Nd4 Nxd4 18. exd4 Nf4 19. Bg3 Nxe2+ 20. Qxe2 Qxc4 21.
Qxc4 Rxc4 22. Rac1 O-O 23. Na4 Rfc8 24. Rxc4 Rxc4 25. Nxb6 Rc3 26. f3 Bd8 27.
Be1 Rxa3 28. Nc4 Ra2 29. Nxd6 Bd5 30. Ne4 Bxe4 31. fxe4 Bb6 32. Kf1 Rc2 33. Rd3
Rc4 34. Bc3 Kf8 35. Ke2 h5 36. Kf3 Ke7 37. e5 Kf8 38. h3 Kg7 39. g4 h4 40. Ke3
Rc7 41. Ke4 Rc4 42. Ke3 Kf8 43. Kd2 Ke7 44. Kc2 Rc7 45. Kb3 Kd7 46. Ka3 Kc6 47.
Ka4 Kd5 48. Bb2 Rc4 49. Bc3 Ke4 50. Rd1 Rxc3 51. Re1+ Re3 52. Rf1 Rf3 53. Re1+
Kxd4 54. Rc1 Rc3 55. Rf1 Rxh3 56. Rxf7 Kxe5 57. Rb7 Bd4 58. Rc7 Rh1 59. Rc6 h3
0-1

[Event "20. Obert Int. Sant Marti 2018 - B"]
[Site "Barcelona ESP"]
[Date "2018.07.16"]
[Round "4.44"]
[White "Ankit, Dalal"]
[Black "Povill Claros, Laura"]
[Result "0-1"]
[WhiteElo "1591"]
[BlackElo "1802"]
[PlyCount "84"]
[EventDate "2018.07.13"]
[EventType "swiss"]
[EventRounds "9"]
[EventCountry "ESP"]
[SourceTitle "Ajedrez en Madrid"]
[Source "lmi"]
[SourceDate "2018.07.13"]
[SourceVersion "1"]
[SourceVersionDate "2019.06.21"]
[SourceQuality "1"]

1. e4 c5 2. Nf3 Nc6 3. c3 Nf6 4. e5 Nd5 5. d4 cxd4 6. cxd4 e6 7. Nc3 Nxc3 8.
bxc3 d6 9. Ba3 Qa5 10. Qb3 dxe5 11. Bxf8 Kxf8 12. Bb5 Nxd4 13. Nxd4 exd4 14.
Rc1 a6 15. Be2 Ke7 16. O-O b5 17. cxd4 Bb7 18. Qg3 Rhc8 19. Rxc8 Rxc8 20. Qxg7
b4 21. Qxh7 Qg5 22. Qh3 Rc3 23. g3 Rc2 24. Qh5 Qxh5 25. Bxh5 Rxa2 26. Rb1 b3
27. Bd1 b2 28. Bc2 Ra1 29. Kf1 Bd5 30. Ke2 Rxb1 31. Bxb1 a5 32. Kd2 a4 33. Bd3
Ba2 34. Kc3 b1=Q 35. Bxb1 Bxb1 36. Kb4 Bc2 37. h4 Bd1 38. g4 Bxg4 39. Kxa4 Kd6
40. Kb4 Kd5 41. Kc3 Ke4 42. Kc4 Kf3 0-1

[Event "20. Obert Int. Sant Marti 2018 - B"]
[Site "Barcelona ESP"]
[Date "2018.07.16"]
[Round "4.45"]
[White "Lopez Nadal, Alex"]
[Black "Palau Soriano, Ricard"]
[Result "1-0"]
[WhiteElo "1794"]
[BlackElo "1637"]
[PlyCount "49"]
[EventDate "2018.07.13"]
[EventType "swiss"]
[EventRounds "9"]
[EventCountry "ESP"]
[SourceTitle "Ajedrez en Madrid"]
[Source "lmi"]
[SourceDate "2018.07.13"]
[SourceVersion "1"]
[SourceVersionDate "2019.06.21"]
[SourceQuality "1"]

1. e4 d6 2. d4 g6 3. c4 Bg7 4. Nc3 Nf6 5. Be2 O-O 6. Bg5 Nbd7 7. f4 e5 8. dxe5
dxe5 9. Nf3 Re8 10. fxe5 Nxe5 11. Qxd8 Rxd8 12. Nxe5 Re8 13. Nf3 Nxe4 14. Nxe4
Rxe4 15. Rb1 Bf5 16. Kf2 Rxe2+ 17. Kxe2 Re8+ 18. Kf2 Bxb1 19. Rxb1 h6 20. Be3
g5 21. h3 f5 22. Bd4 Bxd4+ 23. Nxd4 Re4 24. Ne2 Rxc4 25. Rc1 1-0

[Event "20. Obert Int. Sant Marti 2018 - B"]
[Site "Barcelona ESP"]
[Date "2018.07.16"]
[Round "4.46"]
[White "Martin Arranz, Lluis"]
[Black "Munoz Lozano, Jorge Manuel"]
[Result "1/2-1/2"]
[WhiteElo "1582"]
[BlackElo "1787"]
[PlyCount "56"]
[EventDate "2018.07.13"]
[EventType "swiss"]
[EventRounds "9"]
[EventCountry "ESP"]
[SourceTitle "Ajedrez en Madrid"]
[Source "lmi"]
[SourceDate "2018.07.13"]
[SourceVersion "1"]
[SourceVersionDate "2019.06.21"]
[SourceQuality "1"]

1. e4 g6 2. d4 Bg7 3. Nc3 d6 4. Be3 a6 5. Nf3 b5 6. Qd2 Nd7 7. Bd3 Bb7 8. O-O
e5 9. Ne2 Ngf6 10. Ng3 h6 11. Rac1 Ng4 12. c4 bxc4 13. Bxc4 O-O 14. h3 Nxe3 15.
fxe3 Qe7 16. Bb3 Nf6 17. Qc2 Rac8 18. Nh4 Kh7 19. Nf3 exd4 20. exd4 Nxe4 21.
Rfe1 f5 22. d5 Qf6 23. Nxe4 fxe4 24. Rxe4 Qxb2 25. Qxb2 Bxb2 26. Re7+ Bg7 27.
Rcxc7 Rxc7 28. Rxc7 Bc8 1/2-1/2

[Event "20. Obert Int. Sant Marti 2018 - B"]
[Site "Barcelona ESP"]
[Date "2018.07.16"]
[Round "4.47"]
[White "Aagam, Aditya E"]
[Black "Bayarri Ponsa, Eduard"]
[Result "1-0"]
[WhiteElo "1579"]
[BlackElo "1754"]
[PlyCount "49"]
[EventDate "2018.07.13"]
[EventType "swiss"]
[EventRounds "9"]
[EventCountry "ESP"]
[SourceTitle "Ajedrez en Madrid"]
[Source "lmi"]
[SourceDate "2018.07.13"]
[SourceVersion "1"]
[SourceVersionDate "2019.06.21"]
[SourceQuality "1"]

1. e4 g6 2. d4 Bg7 3. Nc3 d6 4. Bg5 c6 5. Qd2 Qc7 6. f4 b5 7. Nf3 b4 8. Nd1 Nf6
9. Bd3 Qb6 10. Ne3 a5 11. O-O Ng4 12. c3 Nxe3 13. Qxe3 h6 14. Bh4 e5 15. fxe5
dxe5 16. Qf2 Nd7 17. Nd2 O-O 18. Be7 Ba6 19. Bxf8 Rxf8 20. Bxa6 Qxa6 21. dxe5
Bxe5 22. Rac1 Qd3 23. Nf3 Qxe4 24. Rfe1 Qf5 25. Nxe5 1-0

[Event "20. Obert Int. Sant Marti 2018 - B"]
[Site "Barcelona ESP"]
[Date "2018.07.16"]
[Round "4.48"]
[White "Han, Xuqian Ben"]
[Black "Subirana Santos, Marc"]
[Result "1-0"]
[WhiteElo "1486"]
[BlackElo "1743"]
[PlyCount "149"]
[EventDate "2018.07.13"]
[EventType "swiss"]
[EventRounds "9"]
[EventCountry "ESP"]
[SourceTitle "Ajedrez en Madrid"]
[Source "lmi"]
[SourceDate "2018.07.13"]
[SourceVersion "1"]
[SourceVersionDate "2019.06.21"]
[SourceQuality "1"]

1. e4 b6 2. d4 Bb7 3. Nc3 e6 4. Bd3 Ne7 5. Nge2 g6 6. Be3 Bg7 7. h4 h6 8. h5
Nbc6 9. hxg6 Nxg6 10. Qd2 Nb4 11. Bxh6 Nxd3+ 12. cxd3 d6 13. O-O-O Rg8 14. Bxg7
Rxg7 15. Nf4 Kd7 16. Nxg6 Rxg6 17. Qf4 Qg5 18. Qxg5 Rxg5 19. Rh7 Rf8 20. g3 a5
21. Rdh1 Ba6 22. Kd2 Bb7 23. Ne2 c5 24. dxc5 Rxc5 25. Rc1 Rxc1 26. Kxc1 Ke7 27.
f4 b5 28. a3 b4 29. axb4 axb4 30. Kd2 Bc6 31. Rh1 Rg8 32. Rc1 Kd7 33. Rc4 Rb8
34. Nc1 d5 35. Rd4 Kd6 36. exd5 Bxd5 37. Ne2 Kc5 38. Ke3 Rh8 39. f5 Rh2 40. Rf4
Rh1 41. fxe6 fxe6 42. Kd2 Rb1 43. Kc2 Re1 44. Nc1 Rg1 45. Rg4 Bf3 46. Nb3+ Kd6
47. Rxb4 Rxg3 48. Nd4 Bd5 49. Kc3 Rg1 50. Ne2 Rg8 51. Nf4 Rc8+ 52. Kd2 Kc5 53.
Nxd5 Kxd5 54. Rb3 Rh8 55. Ra3 Kd4 56. Ra4+ Kd5 57. Kc3 Rc8+ 58. Rc4 Rh8 59.
Rd4+ Ke5 60. b4 Rb8 61. Rh4 Kd5 62. Rd4+ Ke5 63. Rc4 Kd6 64. d4 Rh8 65. Rc5 Rh1
66. Kc2 Rh2+ 67. Kb3 Rd2 68. Rc4 Kd5 69. b5 Rd1 70. Rb4 Ra1 71. b6 Rb1+ 72. Kc3
Rxb4 73. Kxb4 Kc6 74. Ka5 Kb7 75. Kb5 1-0

[Event "20. Obert Int. Sant Marti 2018 - B"]
[Site "Barcelona ESP"]
[Date "2018.07.16"]
[Round "4.49"]
[White "Rodriguez Batuecas, Jordi"]
[Black "Tortosa Moros, Joan"]
[Result "1-0"]
[WhiteElo "1543"]
[BlackElo "1741"]
[PlyCount "121"]
[EventDate "2018.07.13"]
[EventType "swiss"]
[EventRounds "9"]
[EventCountry "ESP"]
[SourceTitle "Ajedrez en Madrid"]
[Source "lmi"]
[SourceDate "2018.07.13"]
[SourceVersion "1"]
[SourceVersionDate "2019.06.21"]
[SourceQuality "1"]

1. e4 c5 2. Nc3 Nc6 3. g3 g6 4. Bg2 Bg7 5. Nge2 Nf6 6. d3 d6 7. O-O O-O 8. Bg5
h6 9. Be3 Ng4 10. Qd2 Nxe3 11. Qxe3 Kh7 12. a3 Rb8 13. Rab1 b5 14. Qd2 b4 15.
Nd5 e6 16. Ne3 a5 17. c3 b3 18. d4 cxd4 19. cxd4 e5 20. dxe5 dxe5 21. Qxd8 Rxd8
22. Rfd1 Ba6 23. Nc3 Nd4 24. Bf1 Bxf1 25. Kxf1 Rdc8 26. Rbc1 h5 27. Ncd5 Nc2
28. Kg1 Bh6 29. Rd3 Bxe3 30. Nxe3 a4 31. Nd1 Nd4 32. Nc3 Rc6 33. Kg2 Rbc8 34.
Rcd1 Rc4 35. f3 Nc2 36. Nb5 Nd4 37. Nc3 Kg7 38. Kf2 R8c5 39. f4 Nc2 40. fxe5
Nxa3 41. Nxa4 Rxa4 42. bxa3 Rxa3 43. Kf3 Rxe5 44. Rb1 Rb5 45. h3 Kf6 46. h4 Ke5
47. Ke3 Rb4 48. Rd5+ Ke6 49. Rd3 f5 50. exf5+ Kxf5 51. Kf2 Ra2+ 52. Kf3 b2 53.
Rd2 Rb3+ 54. Kf2 Rb4 55. Kf3 Rb3+ 56. Kg2 Raa3 57. Rf1+ Ke6 58. Re1+ Kf5 59.
Rf2+ Rf3 60. Rxf3+ Rxf3 61. Kxf3 1-0

[Event "20. Obert Int. Sant Marti 2018 - B"]
[Site "Barcelona ESP"]
[Date "2018.07.16"]
[Round "4.50"]
[White "Bao, Jin Wen"]
[Black "Valero Recalde, Pablo"]
[Result "1-0"]
[WhiteElo "1302"]
[BlackElo "1715"]
[PlyCount "63"]
[EventDate "2018.07.13"]
[EventType "swiss"]
[EventRounds "9"]
[EventCountry "ESP"]
[SourceTitle "Ajedrez en Madrid"]
[Source "lmi"]
[SourceDate "2018.07.13"]
[SourceVersion "1"]
[SourceVersionDate "2019.06.21"]
[SourceQuality "1"]

1. e4 d6 2. d4 Nf6 3. Nc3 Nbd7 4. Nf3 e5 5. g4 d5 6. Bg5 Be7 7. dxe5 Nxe4 8.
Bxe7 Qxe7 9. Nxd5 Qc5 10. Qd4 Ng5 11. Qxc5 Nxf3+ 12. Ke2 Nxc5 13. Kxf3 Ne6 14.
Kg3 c6 15. Ne3 h5 16. f3 h4+ 17. Kf2 Nf4 18. Nc4 O-O 19. Nd6 Be6 20. Bc4 b5 21.
Bxe6 fxe6 22. Rad1 Nh3+ 23. Ke3 Nf4 24. Rd4 Nd5+ 25. Kf2 a6 26. c4 Nf4 27. b3
c5 28. Re4 b4 29. Rd1 a5 30. Rd2 a4 31. Ke3 Ng2+ 32. Rxg2 1-0

[Event "20. Obert Int. Sant Marti 2018 - B"]
[Site "Barcelona ESP"]
[Date "2018.07.16"]
[Round "4.51"]
[White "Vargas Rodriguez, Gabriel"]
[Black "Mas Sayos, Lluis"]
[Result "1/2-1/2"]
[WhiteElo "1448"]
[BlackElo "1687"]
[PlyCount "53"]
[EventDate "2018.07.13"]
[EventType "swiss"]
[EventRounds "9"]
[EventCountry "ESP"]
[SourceTitle "Ajedrez en Madrid"]
[Source "lmi"]
[SourceDate "2018.07.13"]
[SourceVersion "1"]
[SourceVersionDate "2019.06.21"]
[SourceQuality "1"]

1. e4 c5 2. Nf3 g6 3. d4 cxd4 4. Nxd4 Bg7 5. Be3 Nf6 6. f3 O-O 7. Nc3 d5 8. Qd2
dxe4 9. Nxe4 Nxe4 10. fxe4 Nd7 11. Be2 Ne5 12. h3 a6 13. O-O b5 14. b3 Bb7 15.
Bd3 Nxd3 16. Qxd3 Qd6 17. Rad1 Qe5 18. Nf3 Qxe4 19. Qxe4 Bxe4 20. Rd7 Bxf3 21.
Rxf3 Bf6 22. Bc5 Rad8 23. Ra7 Rc8 24. b4 Ra8 25. Rd7 Rad8 26. Ra7 Ra8 27. Rd7
1/2-1/2

[Event "20. Obert Int. Sant Marti 2018 - B"]
[Site "Barcelona ESP"]
[Date "2018.07.16"]
[Round "4.52"]
[White "Llopis Jordan, Lluis"]
[Black "Escofet Llongueras, Joan"]
[Result "0-1"]
[WhiteElo "1683"]
[BlackElo "1623"]
[PlyCount "48"]
[EventDate "2018.07.13"]
[EventType "swiss"]
[EventRounds "9"]
[EventCountry "ESP"]
[SourceTitle "Ajedrez en Madrid"]
[Source "lmi"]
[SourceDate "2018.07.13"]
[SourceVersion "1"]
[SourceVersionDate "2019.06.21"]
[SourceQuality "1"]

1. d4 Nf6 2. c4 c5 3. d5 b5 4. b3 d6 5. Bb2 g6 6. g3 Bg7 7. Bg2 O-O 8. e4 bxc4
9. bxc4 Ba6 10. Nd2 Nbd7 11. Qc2 Rb8 12. f4 Rxb2 13. Qxb2 Nxe4 14. Qa3 Nxd2 15.
O-O-O Nxc4 16. Qxa6 Ne3 17. Rd2 Qb6 18. Qd3 Rb8 19. Re2 c4 20. Qe4 Nxg2 21.
Rxg2 Nc5 22. Qc2 Nd3+ 23. Kd1 Qb1+ 24. Qxb1 Rxb1+ 0-1

[Event "20. Obert Int. Sant Marti 2018 - B"]
[Site "Barcelona ESP"]
[Date "2018.07.16"]
[Round "4.53"]
[White "Martinez Torras, Pol"]
[Black "Gibert Juan, Ramon"]
[Result "1-0"]
[WhiteElo "1675"]
[BlackElo "1567"]
[PlyCount "55"]
[EventDate "2018.07.13"]
[EventType "swiss"]
[EventRounds "9"]
[EventCountry "ESP"]
[SourceTitle "Ajedrez en Madrid"]
[Source "lmi"]
[SourceDate "2018.07.13"]
[SourceVersion "1"]
[SourceVersionDate "2019.06.21"]
[SourceQuality "1"]

1. e4 e5 2. Nf3 Nc6 3. Bc4 Bc5 4. c3 Nf6 5. d4 exd4 6. cxd4 Bb4+ 7. Bd2 Nxe4 8.
Bxb4 Nxb4 9. Bxf7+ Kxf7 10. Qb3+ d5 11. Qxb4 a5 12. Ne5+ Ke6 13. Qb3 Rf8 14.
O-O c6 15. Nc3 Nd2 16. Qd1 Nxf1 17. Kxf1 Qh4 18. Qe2 Kd6 19. Nf3 Qe7 20. Ne5
Be6 21. Re1 Rae8 22. Na4 Kc7 23. Nc5 Qh4 24. Nf3 Qf6 25. Nxe6+ Kd6 26. Nfg5 Qh6
27. Qe5+ Ke7 28. Nxf8+ 1-0

[Event "20. Obert Int. Sant Marti 2018 - B"]
[Site "Barcelona ESP"]
[Date "2018.07.16"]
[Round "4.54"]
[White "Vives Cabau, Jordi"]
[Black "Martin Sanchez, Antoni"]
[Result "1-0"]
[WhiteElo "1859"]
[BlackElo "1552"]
[PlyCount "99"]
[EventDate "2018.07.13"]
[EventType "swiss"]
[EventRounds "9"]
[EventCountry "ESP"]
[SourceTitle "Ajedrez en Madrid"]
[Source "lmi"]
[SourceDate "2018.07.13"]
[SourceVersion "1"]
[SourceVersionDate "2019.06.21"]
[SourceQuality "1"]

1. e4 e6 2. d4 d5 3. e5 c5 4. c3 Nc6 5. Nf3 Qb6 6. a3 Bd7 7. b4 cxb4 8. cxb4
Nge7 9. Nc3 Nd8 10. Bd3 g6 11. Bg5 Bg7 12. Na4 Bxa4 13. Qxa4+ Nec6 14. b5 Nb8
15. Bxd8 Kxd8 16. O-O Bh6 17. Qb4 Nd7 18. a4 a5 19. Qa3 Rc8 20. Ra2 Bf8 21. Qb3
Be7 22. h4 Kc7 23. Rc2+ Kb8 24. Rfc1 Rxc2 25. Rxc2 Rc8 26. Rxc8+ Kxc8 27. Qb2
Qd8 28. Ng5 Bxg5 29. hxg5 Qc7 30. Qa3 Qb6 31. Qc1+ Qc7 32. Qd2 Kd8 33. f4 Ke8
34. g4 Kf8 35. f5 Kg8 36. f6 Qb6 37. Qc3 Qd8 38. Kg2 Qb6 39. Kf3 Qd8 40. Kf4 h6
41. gxh6 Nxf6 42. exf6 Qxf6+ 43. Kg3 Kh7 44. b6 Kxh6 45. Qd2+ Kg7 46. Qf4 Qd8
47. Qc7 Qf6 48. Qe5 Qxe5+ 49. dxe5 g5 50. Ba6 1-0

[Event "20. Obert Int. Sant Marti 2018 - B"]
[Site "Barcelona ESP"]
[Date "2018.07.16"]
[Round "4.55"]
[White "Ayllon Barranco, Miguel"]
[Black "Corominas Garrido, Antonio"]
[Result "0-1"]
[WhiteElo "1550"]
[BlackElo "1798"]
[PlyCount "102"]
[EventDate "2018.07.13"]
[EventType "swiss"]
[EventRounds "9"]
[EventCountry "ESP"]
[SourceTitle "Ajedrez en Madrid"]
[Source "lmi"]
[SourceDate "2018.07.13"]
[SourceVersion "1"]
[SourceVersionDate "2019.06.21"]
[SourceQuality "1"]

1. b3 e5 2. Bb2 Nc6 3. e4 Nf6 4. d3 d6 5. Nf3 Bg4 6. Be2 Be7 7. Nbd2 O-O 8. O-O
Nd7 9. a3 f5 10. exf5 Bxf5 11. Nc4 Bf6 12. Ne3 Be6 13. Nd2 d5 14. c3 Qe8 15.
Bf3 Ne7 16. c4 c6 17. cxd5 cxd5 18. Re1 Qg6 19. Qe2 Rac8 20. Ng4 Nc6 21. Rab1
Rce8 22. Ne3 Nc5 23. Bh5 Qxd3 24. Bxe8 Rxe8 25. Qxd3 Nxd3 26. Re2 Nxb2 27. Rxb2
Nd4 28. Re1 Rc8 29. Kf1 e4 30. Rbb1 Nc6 31. f3 d4 32. Nxe4 dxe3 33. Nxf6+ gxf6
34. Rxe3 Kf7 35. b4 a6 36. Rbe1 Nd4 37. Kf2 Rc2+ 38. Kg1 Bc4 39. Re7+ Kg6 40.
Rxb7 Ne2+ 41. Kh1 Nf4 42. Rg1 Bd5 43. Re7 Kf5 44. Rxh7 Rxg2 45. Rxg2 Bxf3 46.
Rhg7 Nxg2 47. Rxg2 Kf4 48. Kg1 Bxg2 49. Kxg2 Ke3 50. Kg3 f5 51. h4 f4+ 0-1

[Event "20. Obert Int. Sant Marti 2018 - B"]
[Site "Barcelona ESP"]
[Date "2018.07.16"]
[Round "4.56"]
[White "Zhou, Luyu"]
[Black "Barrot Farre, Salvador"]
[Result "0-1"]
[WhiteElo "1542"]
[BlackElo "1760"]
[PlyCount "94"]
[EventDate "2018.07.13"]
[EventType "swiss"]
[EventRounds "9"]
[EventCountry "ESP"]
[SourceTitle "Ajedrez en Madrid"]
[Source "lmi"]
[SourceDate "2018.07.13"]
[SourceVersion "1"]
[SourceVersionDate "2019.06.21"]
[SourceQuality "1"]

1. e4 c5 2. Nf3 d6 3. Bb5+ Bd7 4. Bxd7+ Qxd7 5. O-O Nc6 6. c3 Nf6 7. Qe2 e5 8.
Rd1 Qg4 9. d3 Be7 10. h3 Qh5 11. Nbd2 g5 12. Nf1 g4 13. N3h2 gxh3 14. Qxh5 Nxh5
15. g3 Rg8 16. Nf3 O-O-O 17. Kh2 Rg6 18. Ne3 Rdg8 19. Nf5 Ng7 20. Kxh3 Nxf5 21.
exf5 Rf6 22. Nh4 Bf8 23. g4 Bh6 24. Rg1 Bxc1 25. Raxc1 d5 26. f3 Rd6 27. Kg3 h5
28. Rh1 Ne7 29. Rcg1 Rf6 30. Kf2 hxg4 31. fxg4 Rh6 32. g5 Rh5 33. f6 Nc6 34.
Nf5 Rgxg5 35. Rxh5 Rxh5 36. Rg8+ Kd7 37. Ng7 Rh6 38. Ne8 Rh2+ 39. Ke3 Rxb2 40.
Rh8 Nd8 41. Nd6 Kxd6 42. Rxd8+ Ke6 43. d4 exd4+ 44. cxd4 cxd4+ 45. Kxd4 Rb4+
46. Kc5 Rc4+ 47. Kb5 Rc6 0-1

[Event "20. Obert Int. Sant Marti 2018 - B"]
[Site "Barcelona ESP"]
[Date "2018.07.16"]
[Round "4.57"]
[White "Martinez Hernandez, Emili"]
[Black "Gordillo Bretones, Jose Luis"]
[Result "1-0"]
[WhiteElo "1750"]
[BlackElo "1543"]
[PlyCount "84"]
[EventDate "2018.07.13"]
[EventType "swiss"]
[EventRounds "9"]
[EventCountry "ESP"]
[SourceTitle "Ajedrez en Madrid"]
[Source "lmi"]
[SourceDate "2018.07.13"]
[SourceVersion "1"]
[SourceVersionDate "2019.06.21"]
[SourceQuality "1"]

1. Nf3 c5 2. c3 e6 3. g3 b6 4. Bg2 Bb7 5. O-O Nc6 6. d4 d5 7. Qa4 h6 8. dxc5
Bxc5 9. c4 Nf6 10. cxd5 exd5 11. Ne5 Qc7 12. Bf4 Bd6 13. Nd3 O-O 14. Nc3 Bxf4
15. Nxf4 Ne7 16. Rac1 Qe5 17. Rfd1 Rfd8 18. Nd3 Qh5 19. Bf3 Qf5 20. Nb5 Bc6 21.
Nb4 Be8 22. b3 a6 23. Nd4 Qxf3 24. Qxe8+ Rxe8 25. Nxf3 a5 26. Nc6 Nxc6 27. Rxc6
Rxe2 28. Rd2 Rxd2 29. Nxd2 Rb8 30. Kf1 b5 31. Ra6 Kf8 32. Rxa5 Rb7 33. Ke2 Ke7
34. f3 Kd6 35. Kd3 Kc5 36. a3 Kb6 37. b4 Rb8 38. Nb3 Rc8 39. Nd4 Rc1 40. Rxb5+
Ka6 41. Rb8 Ra1 42. b5+ Ka5 1-0

[Event "20. Obert Int. Sant Marti 2018 - B"]
[Site "Barcelona ESP"]
[Date "2018.07.16"]
[Round "4.58"]
[White "Serentill Tost, Eduard"]
[Black "Gomez Fernandez, Miquel"]
[Result "1-0"]
[WhiteElo "1745"]
[BlackElo "1485"]
[PlyCount "53"]
[EventDate "2018.07.13"]
[EventType "swiss"]
[EventRounds "9"]
[EventCountry "ESP"]
[SourceTitle "Ajedrez en Madrid"]
[Source "lmi"]
[SourceDate "2018.07.13"]
[SourceVersion "1"]
[SourceVersionDate "2019.06.21"]
[SourceQuality "1"]

1. e4 c5 2. Nf3 Nc6 3. d4 cxd4 4. Nxd4 e5 5. Nb5 a6 6. Nd6+ Bxd6 7. Qxd6 Qe7 8.
Qd1 h6 9. Nc3 Nf6 10. Be2 O-O 11. O-O d6 12. Be3 Be6 13. Nd5 Bxd5 14. exd5 Nb8
15. c4 Nbd7 16. Rc1 Rac8 17. b4 Ne4 18. f3 Ng5 19. Qc2 f5 20. c5 dxc5 21. bxc5
Rf6 22. d6 Qe8 23. Qb3+ Kh8 24. Qxb7 f4 25. c6 Rb8 26. cxd7 Nh3+ 27. Kh1 1-0

[Event "20. Obert Int. Sant Marti 2018 - B"]
[Site "Barcelona ESP"]
[Date "2018.07.16"]
[Round "4.59"]
[White "Cassi De La Viuda, Alex"]
[Black "Grasa Solanas, Oscar"]
[Result "1-0"]
[WhiteElo "1489"]
[BlackElo "1732"]
[PlyCount "81"]
[EventDate "2018.07.13"]
[EventType "swiss"]
[EventRounds "9"]
[EventCountry "ESP"]
[SourceTitle "Ajedrez en Madrid"]
[Source "lmi"]
[SourceDate "2018.07.13"]
[SourceVersion "1"]
[SourceVersionDate "2019.06.21"]
[SourceQuality "1"]

1. e4 d5 2. exd5 Nf6 3. Nf3 Nxd5 4. Bc4 Nb6 5. Bb3 Bf5 6. Ne5 e6 7. Qh5 Qf6 8.
d4 Be7 9. Nc3 Na6 10. Be3 c5 11. O-O g6 12. Qe2 h5 13. Qb5+ Kf8 14. dxc5 Qxe5
15. cxb6 Qxb5 16. Nxb5 axb6 17. Bxb6 Rc8 18. Nd4 Be4 19. f3 Bc6 20. Nxc6 Rxc6
21. Bd4 Rg8 22. Rfe1 Bc5 23. Rad1 Ke7 24. c3 Bxd4+ 25. Rxd4 Rgc8 26. Red1 Nc5
27. Rc4 b6 28. Ba4 R6c7 29. Bb5 Nb7 30. Rxc7+ Rxc7 31. Rd4 Nd6 32. Rb4 Nxb5 33.
Rxb5 Rc6 34. Rb4 Kd6 35. Kf2 e5 36. Ke3 f5 37. g4 hxg4 38. fxg4 fxg4 39. Rxg4
Kd5 40. Rb4 Rf6 41. Rb5+ 1-0

[Event "20. Obert Int. Sant Marti 2018 - B"]
[Site "Barcelona ESP"]
[Date "2018.07.16"]
[Round "4.60"]
[White "Febrero Perez, Lluis"]
[Black "Cabrera Marmol, Manuel"]
[Result "0-1"]
[WhiteElo "1479"]
[BlackElo "1714"]
[PlyCount "34"]
[EventDate "2018.07.13"]
[EventType "swiss"]
[EventRounds "9"]
[EventCountry "ESP"]
[SourceTitle "Ajedrez en Madrid"]
[Source "lmi"]
[SourceDate "2018.07.13"]
[SourceVersion "1"]
[SourceVersionDate "2019.06.21"]
[SourceQuality "1"]

1. e4 e5 2. Nf3 Nf6 3. Nc3 Nc6 4. d4 exd4 5. Nxd4 Bb4 6. Nde2 Nxe4 7. Qd3 d5 8.
a3 Bxc3+ 9. Nxc3 Nxc3 10. Qxc3 O-O 11. Be2 Re8 12. Qd2 Qe7 13. Qe3 Qd7 14. Qd2
Qg4 15. Rg1 Nd4 16. f3 Qh4+ 17. g3 Qxh2 0-1

[Event "20. Obert Int. Sant Marti 2018 - B"]
[Site "Barcelona ESP"]
[Date "2018.07.16"]
[Round "4.61"]
[White "Santolaria Pena, M."]
[Black "Antequera Garcia, Luis"]
[Result "1-0"]
[WhiteElo "1694"]
[BlackElo "1362"]
[PlyCount "49"]
[EventDate "2018.07.13"]
[EventType "swiss"]
[EventRounds "9"]
[EventCountry "ESP"]
[SourceTitle "Ajedrez en Madrid"]
[Source "lmi"]
[SourceDate "2018.07.13"]
[SourceVersion "1"]
[SourceVersionDate "2019.06.21"]
[SourceQuality "1"]

1. d4 e6 2. Nf3 d5 3. e3 Nf6 4. Bd3 c5 5. c3 Nc6 6. Nbd2 Be7 7. Qe2 O-O 8. O-O
a6 9. Re1 b5 10. dxc5 Bxc5 11. e4 e5 12. exd5 Qxd5 13. Ne4 Be7 14. Bg5 Nxe4 15.
Bxe7 Bf5 16. Bxf8 Rxf8 17. Bxe4 Bxe4 18. Qxe4 Qe6 19. Rad1 Re8 20. Qd5 Qf6 21.
Nxe5 Ne7 22. Qd6 Qf5 23. Qxe7 Qc8 24. Qxf7+ Kh8 25. Ng6+ 1-0

[Event "20. Obert Int. Sant Marti 2018 - B"]
[Site "Barcelona ESP"]
[Date "2018.07.16"]
[Round "4.62"]
[White "Membrives Pino, Didac"]
[Black "Salazar Navas, Josep"]
[Result "0-1"]
[WhiteElo "1477"]
[BlackElo "1677"]
[PlyCount "60"]
[EventDate "2018.07.13"]
[EventType "swiss"]
[EventRounds "9"]
[EventCountry "ESP"]
[SourceTitle "Ajedrez en Madrid"]
[Source "lmi"]
[SourceDate "2018.07.13"]
[SourceVersion "1"]
[SourceVersionDate "2019.06.21"]
[SourceQuality "1"]

1. d4 Nf6 2. Bf4 e6 3. e3 c5 4. Nf3 Nc6 5. c3 d5 6. Nbd2 Bd6 7. Bg5 h6 8. Bh4
cxd4 9. cxd4 e5 10. dxe5 Nxe5 11. Qb3 Nxf3+ 12. Nxf3 Qa5+ 13. Nd2 Bb4 14. Qd3
Ne4 15. Rd1 Nxd2 16. Rxd2 Bxd2+ 17. Qxd2 Qxd2+ 18. Kxd2 O-O 19. Be2 Bf5 20. g4
Bg6 21. f4 Be4 22. Rd1 Rac8 23. Bd3 Bxd3 24. Kxd3 Rc6 25. Be7 Rfc8 26. Rd2 Rc1
27. Bb4 Rg1 28. h3 Rh1 29. Rg2 Rxh3 30. Kd4 Rc4+ 0-1